<?xml version="1.0" encoding="UTF-8"?>
<marc:record xmlns:marc="http://www.loc.gov/MARC21/slim">
   <marc:leader>00000nam a2200000 a 4500</marc:leader>
   <marc:datafield ind1="1" ind2=" " tag="100">
      <marc:subfield code="a">Krekeler, Hermann</marc:subfield>
      <marc:subfield code="4">aut</marc:subfield>
      <marc:subfield code="e">Verfasser/-in</marc:subfield>
   </marc:datafield>
   <marc:datafield ind1=" " ind2=" " tag="653">
      <marc:subfield code="a">Angstbewältigung</marc:subfield>
   </marc:datafield>
   <marc:datafield ind1=" " ind2=" " tag="653">
      <marc:subfield code="a">Freundschaft</marc:subfield>
   </marc:datafield>
   <marc:datafield ind1="0" ind2="0" tag="245">
      <marc:subfield code="a">Der kleine Eisbär und der Angsthase</marc:subfield>
   </marc:datafield>
   <marc:datafield ind1=" " ind2="1" tag="264">
      <marc:subfield code="b">Nord-Süd</marc:subfield>
      <marc:subfield code="c">1992</marc:subfield>
   </marc:datafield>
   <marc:datafield ind1="1" ind2=" " tag="490">
      <marc:subfield code="a">Ich lese selber</marc:subfield>
   </marc:datafield>
   <marc:datafield ind1="1" ind2=" " tag="520">
      <marc:subfield code="a">Quelle: Kommission für KJL;  Autor: (1992-1997);  Eisbär und Schneehase schließen Freundschaft, geraten aber in ein Abenteuer, bei dem der Bär zum "Angstbären", der ursprüngliche "Angsthase" aber zum Helfer wird. Dem knappen, leicht lesbaren und verständlichen Text stehen ansprechende Illustrationen gegenüber. Das Buch eignet sich zum Selbstlesen in der Schuleingangsphase aber auch für den Leseunterricht im Bereich der Ausländerpädagogik.</marc:subfield>
   </marc:datafield>
   <marc:datafield ind1=" " ind2=" " tag="020">
      <marc:subfield code="a">9783314000003</marc:subfield>
      <marc:subfield code="9">9783314000003</marc:subfield>
   </marc:datafield>
</marc:record>
